LEADER 00882nam a2200253 i 4500 001 000000151952 003 CaOOAMICUS 005 20060719000000.0 008 060719s1979 fr u000 u fre u 013 $a129293 020 $a2-86435-001-7 040 $aSeMil$bita 100 1 $aSand, George,$d<1804-1876>.$0(OLS)http://semarc/name/3174 245 10$aConsuelo /$cGeorge Sand. 260 $aParis :$bEditions de la Sphère,$ccopyr. 1979. 300 $a623 p. ;$c23 cm. 500 $aFondo Ciprandi. 850 $aSeMil 852 $aSeMil$W1$xVenegono$y1$m1V V 171$j103930$B103930$CSeMilBibl$Z2$F112991 $81 941 1 $a1 961 $aOmaggio: Ciprandi dott. Paolo 996 $6020$a2-86435-001-7$9(OLS)http://semarc/number/141590 996 $6245$aConsuelo$9(OLS)http://semarc/title/25597 996 $6260$aParis :$bEditions de la Sphère$9(OLS)http://semarc/publisher/47991 LEADER 00606nam a2200181 i 4500 001 000000236665 003 CaOOAMICUS 005 20141209000000.0 008 141209s1961 it u000 u ita u 013 $a215570 040 $aSeMil$bita 245 10$aGennaio - Luglio 1905. 300 $a571 p. 773 0 $aLenin, Vladimir Il?i? <1870-1924>$tOpere complete.$dRoma : Editori Riuniti, 1955.$g8$w()30928 850 $aSeMil 852 $aSeMil$W1$xVenegono$y1$m3N I 158$j187011$B187011$CSeMilBibl$Z2$F197788 $81 961 $aOmaggio: Altro 996 $6245$aGennaio - Luglio 1905$9(OLS)http://semarc/title/337276